000
00188nam a22000857a 4500
999
_c
259637
_d
259636
020
_a
014200174
245
_a
THE SECRET LIFE OF BEES
260
_a
ENGLAND
_b
VIKING PENGUIN
_c
2002
942
_c
BK